[Event "2nd GMA World Cup prel  #1"]
[Site "Belgrade YUG"]
[Date "1988.??.??"]
[Round "?"]
[White "Westerinen, Heikki"]
[Black "Smagin, Sergei"]
[Result "0-1"]
[WhiteElo "2395"]
[BlackElo "2550"]
[EventDate "1988.12.??"]
[PlyCount "78"]

1.e4 d5 2.exd5 Nf6 3.d4 Nxd5 4.Nf3 Bg4 5.Be2 e6 6.O-O Be7 7.h3 Bh5 8.Ne5 
Bg6 9.c4 Nb6 10.Nc3 c6 11.b3 Bf5 12.Bf3 O-O 13.Bb2 N8d7 14.Ne4 Qc7 15.Qe2 
Rfd8 16.Rad1 Nf8 17.Ng3 Bg6 18.Nxg6 Nxg6 19.Nh5 Bf8 20.Qe4 Nc8 21.Rfe1 Nd6
22.Qg4 Qa5 23.Ra1 Rac8 24.Re2 b5 25.d5 bxc4 26.dxe6 c3 27.Bc1 fxe6 28.
Qxe6+ Kh8 29.Nf4 Nh4 30.Qg4 Nxf3+ 31.Qxf3 Nf5 32.Ne6 Rd1+ 33.Kh2 Bd6+ 34.
g3 Qd5 35.Ng5 Rf8 36.Qe4 h6 37.Nf3 Nxg3 38.fxg3 Qxe4 39.Rxe4 Rxf3 0-1

[Event "2nd GMA World Cup prel  #1"]
[Site "Belgrade YUG"]
[Date "1988.??.??"]
[Round "?"]
[White "Wilder, Michael"]
[Black "Bykhovsky, Avigdor"]
[Result "1-0"]
[WhiteElo "2505"]
[BlackElo "2445"]
[EventDate "1988.12.??"]
[PlyCount "79"]

1.d4 Nf6 2.c4 e6 3.Nf3 d5 4.Nc3 dxc4 5.e3 a6 6.a4 c5 7.Bxc4 Nc6 8.O-O Qc7 
9.Qe2 Bd6 10.Bd2 O-O 11.Rac1 b6 12.h3 Bb7 13.Rfd1 Rfe8 14.Bd3 Qe7 15.Ne4 
Nxe4 16.Bxe4 e5 17.dxc5 Bxc5 18.Bc3 h6 19.Qc4 Bd6 20.Nh4 Qc7 21.b4 Rac8 
22.Bb1 Bf8 23.Bb2 Qe7 24.Qe4 g6 25.Ba2 Kh7 26.Qg4 h5 27.Qf3 Rc7 28.Qg3 
Nxb4 29.Rxc7 Qxc7 30.Bb1 Re6 31.Qg5 e4 32.Rd8 Rd6 33.Qe5 f6 34.Qe8 Qxd8 
35.Qxg6+ Kh8 36.Qf7 Bg7 37.Ng6+ Kh7 38.Ne7 Qf8 39.Qg6+ Kh8 40.Qxh5+ 1-0

[Event "2nd GMA World Cup prel  #1"]
[Site "Belgrade YUG"]
[Date "1988.??.??"]
[Round "?"]
[White "Wilder, Michael"]
[Black "Petursson, Margeir"]
[Result "1/2-1/2"]
[WhiteElo "2505"]
[BlackElo "2530"]
[EventDate "1988.12.??"]
[PlyCount "51"]

1.e4 c5 2.Nf3 d6 3.d4 cxd4 4.Nxd4 Nf6 5.Nc3 g6 6.Be2 Bg7 7.O-O Nc6 8.Nb3 
O-O 9.Bg5 a6 10.f4 b5 11.Bf3 b4 12.Na4 Bd7 13.a3 Rb8 14.axb4 Nxb4 15.e5 
Ne8 16.c3 Nc6 17.Bh4 Qc7 18.Kh1 Be6 19.Nd4 Nxd4 20.cxd4 Bb3 21.Qe1 Qd7 22.
Nc3 Nc7 23.Rc1 Rfc8 24.Qf2 Nb5 25.Nxb5 axb5 26.h3 1/2-1/2

[Event "2nd GMA World Cup prel  #1"]
[Site "Belgrade YUG"]
[Date "1988.??.??"]
[Round "?"]
[White "Wilder, Michael"]
[Black "Ye Rongguang"]
[Result "1/2-1/2"]
[WhiteElo "2505"]
[BlackElo "2375"]
[EventDate "1988.12.??"]
[PlyCount "129"]

1.d4 d5 2.c4 dxc4 3.e4 Nc6 4.Be3 Nf6 5.Nc3 e5 6.d5 Ne7 7.Bxc4 Ng6 8.h4 Bd6
9.g3 Ng4 10.Bb5+ Kf8 11.Bg5 f6 12.Bd2 Bc5 13.Nh3 h5 14.Qe2 a6 15.Ba4 b5 
16.Bb3 Bd6 17.f3 Nh6 18.Nf2 Bd7 19.a4 Rb8 20.axb5 axb5 21.O-O Qe8 22.Nd3 
Kg8 23.Kh1 Kh7 24.Rac1 Rf8 25.Be3 b4 26.Nb1 f5 27.Bxh6 gxh6 28.exf5 Bxf5 
29.Nd2 Qe7 30.Ne4 Rf7 31.Rc4 Rbf8 32.Nxd6 cxd6 33.Nxb4 Kg7 34.Bc2 Qb7 35.
Bxf5 Rxf5 36.Kg2 Ne7 37.Qd3 R5f6 38.Rf2 Nf5 39.Kh2 Qb6 40.Rd2 R8f7 41.Nc6 
Ne3 42.Rb4 Qc5 43.f4 exf4 44.Rxf4 Ng4+ 45.Kg2 Rxf4 46.gxf4 Rxf4 47.Qc3+ 
Qxc3 48.bxc3 Ne3+ 49.Kg3 Rc4 50.Kf3 Nf5 51.Nd4 Rxc3+ 52.Ke4 Nxd4 53.Kxd4 
Rh3 54.Rg2+ Kf7 55.Rf2+ Kg6 56.Rg2+ Kf5 57.Rf2+ Kg4 58.Rf6 Rxh4 59.Rxd6 
Kg5+ 60.Ke3 Rh1 61.Kf2 Rd1 62.Rd8 h4 63.Kg2 Rd2+ 64.Kh3 Rd3+ 65.Kh2 
1/2-1/2

[Event "2nd GMA World Cup prel  #1"]
[Site "Belgrade YUG"]
[Date "1988.??.??"]
[Round "?"]
[White "Yakovich, Yury"]
[Black "Micic, Cedomir"]
[Result "1-0"]
[WhiteElo "2450"]
[BlackElo "2355"]
[EventDate "1988.12.??"]
[PlyCount "105"]

1.e4 e5 2.Nf3 Nc6 3.Bc4 Nf6 4.d3 Be7 5.O-O O-O 6.Bb3 d6 7.c3 Na5 8.Bc2 c5 
9.Nbd2 Nc6 10.Re1 Qc7 11.Nf1 Be6 12.Qe2 Rac8 13.h3 Rfe8 14.Ne3 Bf8 15.Nh2 
g6 16.Nhg4 Nh5 17.Bb3 Bg7 18.Nd5 Bxd5 19.Bxd5 Nd8 20.g3 Ne6 21.Kh2 Kh8 22.
Bb3 Rf8 23.Ne3 Qd7 24.Bd2 Rce8 25.Rf1 f5 26.Nxf5 gxf5 27.Qxh5 f4 28.Rg1 
fxg3+ 29.fxg3 Rf2+ 30.Rg2 Ref8 31.Rg1 R2f3 32.Qg4 R3f6 33.Re1 Qf7 34.Bxe6 
Rxe6 35.Be3 Rg6 36.Qe2 Qxa2 37.Rf1 Rxf1 38.Qxf1 Rf6 39.Rf2 Qxb2 40.Rxb2 
Rxf1 41.Rxb7 Rf3 42.Rb8+ Rf8 43.Rxf8+ Bxf8 44.Kg2 Be7 45.Kf3 Kg7 46.Ke2 
Kf7 47.Kd1 Ke6 48.Kc2 d5 49.c4 dxe4 50.dxe4 Kd6 51.Kb3 Kc6 52.Bh6 Bf6 53.
Ka4 1-0

[Event "2nd GMA World Cup prel  #1"]
[Site "Belgrade YUG"]
[Date "1988.??.??"]
[Round "?"]
[White "Yakovich, Yury"]
[Black "Riemersma, Liafbern"]
[Result "1-0"]
[WhiteElo "2450"]
[BlackElo "2380"]
[EventDate "1988.12.??"]
[PlyCount "51"]

1.e4 c5 2.Nf3 d6 3.d4 cxd4 4.Nxd4 Nf6 5.Nc3 g6 6.Be2 Bg7 7.Be3 O-O 8.Nb3 
Nc6 9.f4 Be6 10.g4 Na5 11.Bd4 Bc4 12.g5 e5 13.gxf6 exd4 14.Nxa5 Bxe2 15.
Kxe2 Qxf6 16.Nd5 Qe6 17.Qd3 Rac8 18.Kd2 f5 19.Rae1 Rfe8 20.Qb3 Kh8 21.exf5
Qxf5 22.Nxb7 Bh6 23.Rxe8+ Rxe8 24.Rf1 Qe6 25.Qf3 Rb8 26.Re1 1-0

[Event "2nd GMA World Cup prel  #1"]
[Site "Belgrade YUG"]
[Date "1988.??.??"]
[Round "?"]
[White "Ye Rongguang"]
[Black "Gligoric, Svetozar"]
[Result "1/2-1/2"]
[WhiteElo "2375"]
[BlackElo "2500"]
[EventDate "1988.12.??"]
[PlyCount "113"]

1.d4 Nf6 2.Nf3 e6 3.Bg5 c5 4.e3 Be7 5.Bd3 Qb6 6.Nbd2 d5 7.c4 cxd4 8.exd4 
Nc6 9.c5 Qxb2 10.O-O Qa3 11.Nb3 Qa4 12.Re1 O-O 13.Bb1 Re8 14.h3 h6 15.Bf4 
Bd7 16.a3 b6 17.Bc2 Qa6 18.Ne5 Red8 19.Bd3 Qb7 20.Nxd7 Rxd7 21.Rb1 Rdd8 
22.Qe2 a5 23.Qe3 a4 24.Nd2 Nd7 25.Bxh6 Bf6 26.Qg3 Nxd4 27.cxb6 Nc5 28.Bf4 
Ndb3 29.Bc2 Rdc8 30.Bxb3 axb3 31.Nxb3 Ne4 32.Qe3 Rc3 33.Qe2 Rc6 34.Bd2 
Rxb6 35.Na5 Rxa5 36.Rxb6 Qxb6 37.Bxa5 Qxa5 38.Rb1 g6 39.Qe3 Kg7 40.g3 Qa4 
41.Rb7 Bd4 42.Qf4 Bxf2+ 43.Kg2 Qe8 44.Qe5+ Kh7 45.Qf4 Bxg3 46.Qxf7+ Qxf7 
47.Rxf7+ Kh6 48.a4 Be1 49.Ra7 d4 50.a5 d3 51.a6 Nc5 52.Kf1 d2 53.Ke2 Nxa6 
54.Rxa6 e5 55.Re6 Kg5 56.Rxe5+ Kh4 57.Re3 1/2-1/2

[Event "2nd GMA World Cup prel  #1"]
[Site "Belgrade YUG"]
[Date "1988.??.??"]
[Round "?"]
[White "Ye Rongguang"]
[Black "Rashkovsky, Nukhim"]
[Result "1-0"]
[WhiteElo "2375"]
[BlackElo "2500"]
[EventDate "1988.12.??"]
[PlyCount "100"]

1.d4 Nf6 2.Nf3 e6 3.Bf4 b6 4.e3 Bb7 5.Bd3 g6 6.Nbd2 Bg7 7.h3 d6 8.a4 Nc6 
9.Bh2 O-O 10.O-O Qe7 11.Nc4 a5 12.c3 Nd7 13.Nfd2 e5 14.Na3 f5 15.Nb5 Nf6 
16.Nc4 Kh8 17.Be2 g5 18.dxe5 Nxe5 19.Nbxd6 cxd6 20.Qxd6 Ng6 21.Qxe7 Nxe7 
22.Bd6 Rfe8 23.Nxb6 Rad8 24.Bc7 Rd2 25.Bb5 Bc6 26.Nc4 Rd7 27.Bxa5 g4 28.
Ne5 Bxb5 29.axb5 Rd5 30.Bc7 Rxb5 31.Nf7+ Kg8 32.Nd6 Rxb2 33.Nxe8 Nxe8 34.
Ra8 Kf7 35.Bd8 Nc6 36.hxg4 fxg4 37.Bh4 Nf6 38.Rd1 Ne5 39.Ra4 Rb6 40.Bg3 
Ng6 41.Ra7+ Ne7 42.c4 Ne4 43.Bc7 Re6 44.Rb7 Bf8 45.Rb6 Nc6 46.Bf4 Bc5 47.
Ra6 g3 48.fxg3 Nc3 49.Rd7+ Ke8 50.Rxh7 Ne2+ 1-0

[Event "2nd GMA World Cup prel  #1"]
[Site "Belgrade YUG"]
[Date "1988.??.??"]
[Round "?"]
[White "Ye Rongguang"]
[Black "Tseshkovsky, Vitaly"]
[Result "1-0"]
[WhiteElo "2375"]
[BlackElo "2505"]
[EventDate "1988.12.??"]
[PlyCount "67"]

1.d4 Nf6 2.Nf3 g6 3.c3 Bg7 4.Bg5 d5 5.Nbd2 Nbd7 6.e3 O-O 7.Be2 Re8 8.O-O 
e5 9.c4 e4 10.Ne1 c5 11.Nc2 cxd4 12.Nxd4 Nc5 13.Bh4 dxc4 14.Nxc4 b6 15.Bg3
Bd7 16.Rc1 Ne6 17.Nd6 Nxd4 18.exd4 Re7 19.d5 a6 20.Qb3 Bg4 21.Bxg4 Nxg4 
22.h3 Nf6 23.Rc6 h6 24.Rfc1 Kh7 25.Nc8 Rb7 26.d6 Nh5 27.Ne7 Nxg3 28.fxg3 
Bd4+ 29.Kh2 Kg7 30.Qd5 Bxb2 31.Rc8 Rxc8 32.Rxc8 Qd7 33.Rg8+ Kf6 34.Rf8 1-0

[Event "2nd GMA World Cup prel  #1"]
[Site "Belgrade YUG"]
[Date "1988.??.??"]
[Round "?"]
[White "Zaichik, Gennadi"]
[Black "Arkhipov, Sergei"]
[Result "0-1"]
[WhiteElo "2510"]
[BlackElo "2460"]
[EventDate "1988.12.??"]
[PlyCount "62"]

1.e4 e6 2.d3 d5 3.Nd2 Nf6 4.g3 dxe4 5.dxe4 e5 6.Ngf3 Nc6 7.Bg2 b6 8.O-O 
Bc5 9.c3 a5 10.Qa4 Bd7 11.Qc2 O-O 12.Nc4 Re8 13.a4 h6 14.Ne3 Qc8 15.Nd5 
Nxd5 16.exd5 Bf5 17.Qe2 Ne7 18.Nd2 Ng6 19.d6 e4 20.Nxe4 cxd6 21.Qd3 Ra7 
22.b4 axb4 23.cxb4 Bxb4 24.Bb2 Ne5 25.Qd4 Qc4 26.Qxb6 Bxe4 27.Rfc1 Qd5 28.
Bxe4 Qxe4 29.Bxe5 Rb7 30.Qa6 dxe5 31.Rab1 Reb8 0-1

[Event "2nd GMA World Cup prel  #1"]
[Site "Belgrade YUG"]
[Date "1988.??.??"]
[Round "?"]
[White "Zaichik, Gennadi"]
[Black "Renet, Olivier"]
[Result "0-1"]
[WhiteElo "2510"]
[BlackElo "2440"]
[EventDate "1988.12.??"]
[PlyCount "120"]

1.c4 Nf6 2.Nc3 e5 3.g3 Bb4 4.Bg2 O-O 5.e4 Bxc3 6.bxc3 d6 7.d3 Nbd7 8.Ne2 
Rb8 9.O-O a6 10.h3 b5 11.cxb5 axb5 12.g4 b4 13.c4 Nc5 14.f4 Ne6 15.Rb1 Nd7
16.f5 Nd4 17.Nxd4 exd4 18.g5 Ne5 19.a3 c5 20.axb4 cxb4 21.Rf2 f6 22.h4 Bd7
23.Bf1 Qc7 24.Rg2 fxg5 25.Bxg5 Kh8 26.Bf4 Qc5 27.h5 h6 28.Rg3 Rf6 29.Rb2 
Be8 30.Rbg2 Rb7 31.Bc1 b3 32.Bb2 Nc6 33.Be2 Qe5 34.Kh1 Rf8 35.Qg1 Qf6 36.
Bd1 Ra7 37.Qh2 Rb7 38.Qg1 Ra7 39.Qh2 Rb7 40.Rg1 Qe5 41.Qf2 Qf6 42.R3g2 Qe5
43.Be2 Ra7 44.Rb1 Bf7 45.Bc1 Rb8 46.Bd1 Qf6 47.Qg3 b2 48.Rgxb2 Rxb2 49.
Bxb2 Ra2 50.Bc1 Kh7 51.Kg1 Ne5 52.Bf4 Ra3 53.Bb3 Bxh5 54.Bxe5 dxe5 55.c5 
Bf7 56.Bxf7 Qxf7 57.Qxe5 Rxd3 58.Rc1 Qh5 59.Qf4 Rf3 60.Qd2 Qg4+ 0-1

[Event "2nd GMA World Cup prel  #1"]
[Site "Belgrade YUG"]
[Date "1988.??.??"]
[Round "?"]
[White "Zakic, Srdan"]
[Black "Bogdanovski, Vlatko"]
[Result "1/2-1/2"]
[WhiteElo "2360"]
[BlackElo "2430"]
[EventDate "1988.12.??"]
[PlyCount "123"]

1.e4 d6 2.d4 g6 3.c3 Nf6 4.Bd3 Bg7 5.h3 O-O 6.Nf3 e5 7.O-O Nh5 8.Re1 Nc6 
9.Bf1 Re8 10.d5 Ne7 11.g3 Bd7 12.c4 Rf8 13.Nc3 h6 14.Bg2 Qe8 15.g4 Nf6 16.
Be3 Nh7 17.Qd2 f5 18.exf5 gxf5 19.Bxh6 fxg4 20.hxg4 Bxg4 21.Nh2 Bf5 22.
Bxg7 Kxg7 23.f4 Ng6 24.fxe5 Nxe5 25.Re2 Qh5 26.Rf1 Rf6 27.Qd4 Re8 28.Bf3 
Qf7 29.Rg2+ Kf8 30.Be4 Bh3 31.Rxf6 Nxf6 32.Rg3 Bd7 33.Nf3 Nxe4 34.Qxe4 
Nxf3+ 35.Qxf3 Re1+ 36.Kf2 Rc1 37.Qxf7+ Kxf7 38.Re3 Bg4 39.Kg3 Bd7 40.Rf3+ 
Ke7 41.Kf4 Rc2 42.b3 c6 43.Re3+ Kd8 44.Ne4 Kc7 45.a4 Rg2 46.c5 cxd5 47.
cxd6+ Kb6 48.Nf6 Rf2+ 49.Kg5 Rg2+ 50.Kh5 Rh2+ 51.Kg6 Rg2+ 52.Kf7 Kc6 53.
Re7 Rf2 54.b4 Rxf6+ 55.Kxf6 Kxd6 56.b5 a6 57.b6 a5 58.Re1 Bxa4 59.Ra1 Bc2 
60.Ra2 Bb1 61.Rxa5 d4 62.Ra8 1/2-1/2

[Event "2nd GMA World Cup prel  #1"]
[Site "Belgrade YUG"]
[Date "1988.??.??"]
[Round "?"]
[White "Zakic, Srdan"]
[Black "Loginov, Valery"]
[Result "0-1"]
[WhiteElo "2360"]
[BlackElo "2455"]
[EventDate "1988.12.??"]
[PlyCount "124"]

1.e4 c5 2.Nf3 d6 3.d4 cxd4 4.Nxd4 Nf6 5.Nc3 a6 6.Bg5 e6 7.Be2 Nc6 8.Qd3 h6
9.Bh4 Ne5 10.Qd1 g5 11.Bg3 b5 12.Nf3 Qc7 13.Qd4 Nfd7 14.O-O-O Rb8 15.a3 
Rb6 16.h4 g4 17.Nh2 h5 18.f4 gxf3 19.gxf3 Rg8 20.Rhg1 Qb8 21.f4 Nc6 22.Qe3
b4 23.axb4 Rxb4 24.b3 Nc5 25.f5 Rh8 26.Bf4 Ne5 27.Rd4 Qb6 28.Rxb4 Qxb4 29.
Kb2 Bb7 30.fxe6 fxe6 31.Bxe5 dxe5 32.Qg5 Qxc3+ 33.Kxc3 Nxe4+ 34.Kb2 Nxg5 
35.Rxg5 Be7 36.Rxh5 Rxh5 37.Bxh5+ Kd7 38.Nf3 Bf6 39.Ng5 e4+ 40.Kc1 Kd6 41.
Kd2 Ke5 42.Bg4 Be7 43.Ke2 a5 44.Kd2 Bc8 45.Bh3 Bb4+ 46.Ke3 Bc5+ 47.Kd2 Bf2
48.h5 Ba6 49.Nxe4 Kxe4 50.Bxe6 Be3+ 51.Kc3 Bd4+ 52.Kd2 Bb5 53.c3 Bg7 54.
Kc2 Be8 55.Bg4 Ke3 56.Bd1 Bd7 57.b4 a4 58.h6 Be5 59.Kb2 Kd2 60.Bf3 Bxc3+ 
61.Ka3 Bb5 62.h7 Kc1 0-1

[Event "2nd GMA World Cup prel  #1"]
[Site "Belgrade YUG"]
[Date "1988.??.??"]
[Round "?"]
[White "Zakic, Srdan"]
[Black "Spiridonov, Nikola"]
[Result "0-1"]
[WhiteElo "2360"]
[BlackElo "2420"]
[EventDate "1988.12.??"]
[PlyCount "40"]

1.e4 c6 2.d4 d5 3.Nc3 dxe4 4.Nxe4 Nd7 5.Bc4 Ngf6 6.Ng5 e6 7.Qe2 Nb6 8.Bd3 
h6 9.N5f3 c5 10.dxc5 Bxc5 11.Bd2 Nbd7 12.O-O-O a6 13.Nh3 b5 14.g4 Bb7 15.
Bc3 Qb6 16.g5 hxg5 17.Nhxg5 Bxf2 18.Rhf1 Qe3+ 19.Rd2 Qxe2 20.Rxe2 Bc5 0-1

[Event "2nd GMA World Cup prel  #1"]
[Site "Belgrade YUG"]
[Date "1988.??.??"]
[Round "?"]
[White "Zapata, Alonso"]
[Black "Olafsson, Helgi"]
[Result "0-1"]
[WhiteElo "2480"]
[BlackElo "2525"]
[EventDate "1988.12.??"]
[PlyCount "76"]

1.e4 c5 2.Nf3 d6 3.d4 cxd4 4.Nxd4 Nf6 5.Nc3 a6 6.Be2 e5 7.Nf3 h6 8.O-O Be6
9.Re1 Nbd7 10.Bf1 Be7 11.a4 b6 12.b3 O-O 13.Bb2 Qc7 14.h3 Rfc8 15.Qd2 Qb7 
16.Rad1 Bf8 17.g4 b5 18.Bg2 b4 19.Na2 a5 20.Nh4 Ra6 21.Nf5 Rac6 22.Ne3 Nc5
23.Nc1 Qa7 24.Nd3 Ncxe4 25.Qe2 Nc3 26.Bxc3 Rxc3 27.Rd2 Qc7 28.f4 e4 29.Nf2
d5 30.f5 d4 31.Rxd4 Bc5 32.Red1 Bxd4 33.Rxd4 Bd7 34.Nxe4 Nxe4 35.Nd5 Ng3 
36.Qf2 Qa7 37.Ne7+ Kf8 38.Nxc8 Qxd4 0-1

[Event "2nd GMA World Cup prel  #1"]
[Site "Belgrade YUG"]
[Date "1988.??.??"]
[Round "?"]
[White "Zapata, Alonso"]
[Black "Pavlovic, Milos"]
[Result "1-0"]
[WhiteElo "2480"]
[BlackElo "2390"]
[EventDate "1988.12.??"]
[PlyCount "75"]

1.e4 e5 2.Nf3 Nc6 3.Bb5 a6 4.Ba4 Nf6 5.O-O Be7 6.Re1 b5 7.Bb3 O-O 8.c3 d5 
9.exd5 Nxd5 10.Nxe5 Nxe5 11.Rxe5 c6 12.d3 Bd6 13.Re1 Qh4 14.g3 Qh3 15.Re4 
Qf5 16.Nd2 Qg6 17.a4 f5 18.Rd4 f4 19.Ne4 Bg4 20.Qf1 Be5 21.Rxd5 cxd5 22.
Bxd5+ Kh8 23.Bxa8 fxg3 24.Nxg3 Rxa8 25.axb5 h5 26.Rxa6 Rxa6 27.bxa6 h4 28.
a7 Bf3 29.Qh3 Bxg3 30.hxg3 Qxd3 31.Qxh4+ Kg8 32.Qa4 Qd8 33.Qc4+ Bd5 34.Qf4
Qa5 35.Qf5 Qa2 36.Qc8+ Kh7 37.c4 Be4 38.Qh3+ 1-0

[Event "2nd GMA World Cup prel  #1"]
[Site "Belgrade YUG"]
[Date "1988.??.??"]
[Round "?"]
[White "Zapata, Alonso"]
[Black "Westerinen, Heikki"]
[Result "1-0"]
[WhiteElo "2480"]
[BlackElo "2395"]
[EventDate "1988.12.??"]
[PlyCount "51"]

1.e4 e5 2.Nf3 Nc6 3.Bb5 Nf6 4.d4 Nxe4 5.O-O Nd6 6.dxe5 Nxb5 7.a4 Nd6 8.Bg5
Be7 9.Bxe7 Nxe7 10.exd6 cxd6 11.Qxd6 O-O 12.Nd4 a5 13.Re1 Ng6 14.Nc3 Ra6 
15.Qg3 f5 16.Rad1 f4 17.Qf3 Qf6 18.Qd5+ Kh8 19.Ne4 Qe5 20.Qxe5 Nxe5 21.Nc5
Rb6 22.Rxe5 d6 23.Re6 Bxe6 24.Ncxe6 Rf6 25.b3 Ra6 26.Nc7 1-0

[Event "2nd GMA World Cup prel  #1"]
[Site "Belgrade YUG"]
[Date "1988.??.??"]
[Round "?"]
[White "Zelcic, Robert"]
[Black "Karpman, Vadim"]
[Result "0-1"]
[WhiteElo "2375"]
[BlackElo "2490"]
[EventDate "1988.12.??"]
[PlyCount "170"]

1.e4 c5 2.Nf3 d6 3.d4 cxd4 4.Nxd4 Nf6 5.Nc3 e6 6.Be2 Be7 7.O-O O-O 8.Be3 
Nc6 9.Kh1 d5 10.exd5 exd5 11.Nb3 Bf5 12.Nb5 Bg6 13.c3 a6 14.N5d4 Ne5 15.
Nd2 Nd3 16.b4 Bd6 17.Bg5 Ng4 18.Bxd3 Qxg5 19.N2f3 Qh5 20.h3 Rac8 21.Rc1 
Nf6 22.a3 Ne4 23.c4 Bf4 24.Rc2 dxc4 25.Rxc4 Nc3 26.Bxg6 Qxg6 27.Rxc8 Nxd1 
28.Rxf8+ Kxf8 29.Rxd1 Qf6 30.g3 Bc7 31.Kg2 Bb6 32.h4 Qd6 33.Rd2 Qd5 34.Ne2
Qc6 35.Nf4 g6 36.Nd5 Ba7 37.Ne5 Qc1 38.Rd3 Qb2 39.Nd7+ Kg7 40.Rf3 f5 41.
Nf4 Kg8 42.Ne6 Qd2 43.Nec5 b6 44.Nd3 Qc2 45.Kg1 Qc6 46.N3e5 Qc1+ 47.Kg2 b5
48.Nf6+ Kg7 49.Ne8+ Kf8 50.Nf6 Bd4 51.Nxh7+ Kg7 52.Nd3 Qxa3 53.Ng5 Qb3 54.
Nf4 Qb2 55.Nge6+ Kf6 56.Nc7 Qa2 57.Ncd5+ Kf7 58.Ne3 Bxe3 59.Rxe3 a5 60.Re2
Qa4 61.bxa5 b4 62.Re3 Qxa5 63.Nd3 Kf6 64.Kg1 b3 65.Kh2 Qd2 66.Kg1 Qc2 67.
Kg2 b2 68.Nxb2 Qxb2 69.Kg1 Qc2 70.Kg2 Qd1 71.Re8 Kg7 72.Re3 Kh6 73.Rc3 Qd4
74.Re3 Kh5 75.Kh2 Kg4 76.Kg2 Qc4 77.Ra3 Qc6+ 78.Kh2 Qc1 79.Rd3 Qb1 80.Ra3 
Qb2 81.Ra4+ Kf3 82.Rf4+ Ke2 83.Kg1 Qb1+ 84.Kg2 Qb7+ 85.Kg1 Qd5 0-1

[Event "2nd GMA World Cup prel  #1"]
[Site "Belgrade YUG"]
[Date "1988.??.??"]
[Round "?"]
[White "Zelcic, Robert"]
[Black "Tseitlin, Mikhail"]
[Result "1-0"]
[WhiteElo "2375"]
[BlackElo "2455"]
[EventDate "1988.12.??"]
[PlyCount "47"]

1.e4 c6 2.d4 d5 3.Nc3 dxe4 4.Nxe4 Nf6 5.Bd3 Qxd4 6.Nf3 Qd8 7.Qe2 Nxe4 8.
Qxe4 Nd7 9.Qh4 Ne5 10.Nxe5 Qa5+ 11.c3 Qxe5+ 12.Be3 Bf5 13.O-O-O e6 14.Bxf5
Qxf5 15.Qg3 Rc8 16.Rd2 h5 17.h4 Qg4 18.Qxg4 hxg4 19.Rhd1 Be7 20.Rd7 Bxh4 
21.Rxb7 Rh5 22.g3 Bg5 23.Bxg5 Rxg5 24.Rh1 1-0

[Event "2nd GMA World Cup prel  #1"]
[Site "Belgrade YUG"]
[Date "1988.??.??"]
[Round "?"]
[White "Zelic, Zdravko"]
[Black "Barbero, Gerardo"]
[Result "0-1"]
[WhiteElo "2410"]
[BlackElo "2505"]
[EventDate "1988.12.??"]
[PlyCount "116"]

1.e4 c5 2.Nf3 e6 3.d4 cxd4 4.Nxd4 Nf6 5.Nc3 d6 6.Be2 Be7 7.O-O O-O 8.f4 
Nc6 9.Nxc6 bxc6 10.e5 dxe5 11.fxe5 Nd7 12.Bf4 Qa5 13.Bd3 Nxe5 14.Bxh7+ 
Kxh7 15.Qh5+ Kg8 16.Qxe5 Qxe5 17.Bxe5 f6 18.Bd4 e5 19.Be3 f5 20.Na4 Rf7 
21.Bc5 Bf6 22.Rad1 e4 23.Bd4 Ba6 24.Rfe1 Re8 25.Bxf6 Rxf6 26.Nc5 Bc8 27.g3
g5 28.Re3 Kf7 29.Rde1 Re5 30.b4 a5 31.c3 Rd5 32.g4 axb4 33.cxb4 f4 34.Rxe4
Bxg4 35.Re7+ Kg6 36.Ne4 Re6 37.Rxe6+ Bxe6 38.Nc3 Rd6 39.a4 Kf5 40.b5 cxb5 
41.axb5 Rd3 42.Ne4 Bd5 43.Nd6+ Kg4 44.b6 Rb3 45.Re5 Kf3 46.h3 Rb1+ 47.Kh2 
Rb2+ 48.Kg1 Bc6 49.b7 Rb1+ 50.Kh2 Kf2 51.Ne4+ Bxe4 52.Rxe4 Rxb7 53.Ra4 Rb2
54.Ra5 Kf1+ 55.Kh1 f3 56.Rxg5 f2 57.Re5 Rb1 58.Kh2 Re1 0-1

[Event "2nd GMA World Cup prel  #1"]
[Site "Belgrade YUG"]
[Date "1988.??.??"]
[Round "?"]
[White "Zelic, Zdravko"]
[Black "Lerner, Konstantin"]
[Result "1/2-1/2"]
[WhiteElo "2410"]
[BlackElo "2530"]
[EventDate "1988.12.??"]
[PlyCount "77"]

1.e4 c5 2.Nf3 d6 3.d4 cxd4 4.Nxd4 Nf6 5.Nc3 Nc6 6.Be2 g6 7.Nb3 Bg7 8.O-O 
O-O 9.Bg5 Be6 10.Kh1 Na5 11.f4 Nc4 12.Bxc4 Bxc4 13.Re1 Re8 14.Qf3 Qc7 15.
Rad1 b5 16.a3 Nd7 17.Nd2 Rac8 18.Nxc4 Qxc4 19.e5 h6 20.Qh3 hxg5 21.Qxd7 
gxf4 22.Re4 Qe6 23.Qxe6 fxe6 24.exd6 exd6 25.Rxd6 Bxc3 26.bxc3 Rxc3 27.
Rxf4 Rxa3 28.h4 Re7 29.Rf6 Kg7 30.Rfxe6 Rxe6 31.Rxe6 a5 32.Rb6 b4 33.Kh2 
Kf7 34.Rb5 Ra2 35.Kh3 Kf6 36.g3 Rxc2 37.Rxa5 b3 38.Rb5 b2 39.Kg4 1/2-1/2

[Event "2nd GMA World Cup prel  #1"]
[Site "Belgrade YUG"]
[Date "1988.??.??"]
[Round "?"]
[White "Zlotnik, Boris"]
[Black "Pigusov, Evgeny"]
[Result "1/2-1/2"]
[WhiteElo "2440"]
[BlackElo "2530"]
[EventDate "1988.12.??"]
[PlyCount "61"]

1.d4 Nf6 2.c4 c5 3.d5 e6 4.Nc3 exd5 5.cxd5 d6 6.Nf3 g6 7.Nd2 Bg7 8.e4 O-O 
9.Be2 Ne8 10.O-O f5 11.exf5 Bxf5 12.Nc4 Na6 13.Be3 Rb8 14.a4 Nb4 15.Rc1 b6
16.Qd2 a6 17.Bg5 Qc7 18.Ne3 Nf6 19.Nxf5 gxf5 20.Rfe1 Rbe8 21.Bf3 Qd7 22.h3
Rxe1+ 23.Rxe1 Re8 24.Re2 Rxe2 25.Qxe2 Qe8 26.Qd2 Nd7 27.Be2 Ne5 28.Bf4 Qe7
29.Qe3 Bf6 30.Qg3+ Qg7 31.Qe3 1/2-1/2

[Event "2nd GMA World Cup prel  #1"]
[Site "Belgrade YUG"]
[Date "1988.12.??"]
[Round "?"]
[White "Antic, Dejan"]
[Black "Timoschenko, Gennady"]
[Result "0-1"]
[WhiteElo "2325"]
[BlackElo "2455"]
[EventDate "1988.12.??"]
[PlyCount "64"]

1.e4 c5 2.Nf3 d6 3.d4 cxd4 4.Nxd4 Nf6 5.Nc3 Nc6 6.Bc4 Qb6 7.Nb3 e6 8.Bg5 
Be7 9.O-O Bd7 10.Bxf6 gxf6 11.Qh5 O-O-O 12.Kh1 Rhg8 13.a4 Rg5 14.Qxh7 Rdg8
15.g3 Qd8 16.Qh3 Rh8 17.Qg2 Rgh5 18.f4 Qg8 19.Be2 Rxh2+ 20.Qxh2 Rxh2+ 21.
Kxh2 f5 22.exf5 Qh7+ 23.Kg2 Qxf5 24.Bd3 Qf6 25.Be4 d5 26.Bf3 Nb4 27.Rf2 
Qg7 28.Nd1 Bh4 29.g4 Bxf2 30.Kxf2 Kb8 31.c3 Nd3+ 32.Ke3 Nxb2 0-1

[Event "2nd GMA World Cup prel  #1"]
[Site "Belgrade YUG"]
[Date "1988.12.??"]
[Round "?"]
[White "Cabrilo, Goran"]
[Black "Kosic, Dragan"]
[Result "1-0"]
[WhiteElo "2510"]
[BlackElo "2440"]
[EventDate "1988.12.??"]
[PlyCount "61"]

1.e4 c5 2.Nc3 e6 3.Nf3 d6 4.d4 cxd4 5.Nxd4 Nf6 6.Be2 Be7 7.f4 O-O 8.O-O 
Nc6 9.Kh1 e5 10.Nb3 a5 11.a4 Nb4 12.Be3 Be6 13.Bf3 Qc7 14.Rf2 Rfe8 15.Rd2 
Bc4 16.Qg1 Nd7 17.Nc1 exf4 18.Bxf4 Ne5 19.N1e2 h6 20.Nd4 Bg5 21.Qe3 Bxf4 
22.Qxf4 Be6 23.Ncb5 Qc5 24.b3 Rac8 25.Rad1 Bd7 26.c3 Na6 27.Nf5 Bxf5 28.
exf5 Re7 29.Rd5 Qf2 30.Nxd6 Nxf3 31.Nxc8 1-0

[Event "2nd GMA World Cup prel  #1"]
[Site "Belgrade YUG"]
[Date "1988.12.??"]
[Round "?"]
[White "Raicevic, Momcilo"]
[Black "Vasiljevic, Dragan"]
[Result "1-0"]
[WhiteElo "2370"]
[BlackElo "2325"]
[EventDate "1988.12.??"]
[PlyCount "139"]

1.d4 Nf6 2.c4 e6 3.Nc3 d5 4.Bg5 Be7 5.e3 O-O 6.Qc2 Nbd7 7.cxd5 exd5 8.Bd3 
Re8 9.Nge2 Nf8 10.h3 c6 11.g4 Qa5 12.O-O-O N6d7 13.h4 b5 14.Kb1 Nb6 15.
Bxe7 Rxe7 16.Nf4 Nc4 17.g5 Rb8 18.Nce2 Bg4 19.h5 Bf3 20.Rh3 Be4 21.Ka1 b4 
22.Nc1 Qb5 23.Nb3 a5 24.Nc5 Bxd3 25.Nfxd3 Ra7 26.Qa4 Qxa4 27.Nxa4 b3 28.h6
g6 29.Nac5 bxa2 30.b3 Na3 31.Kxa2 Nc2 32.Ne5 Nb4+ 33.Ka3 Nc2+ 34.Kb2 Nb4 
35.Ra1 Re8 36.f4 Ne6 37.Ncd7 Re7 38.Nf6+ Kh8 39.Rhh1 Nd8 40.Ra4 Reb7 41.
Rha1 Rb5 42.Ne8 c5 43.Nd6 Rb8 44.dxc5 Nbc6 45.Nxc6 Nxc6 46.Rd1 Re7 47.e4 
d4 48.e5 Kg8 49.Rda1 Kf8 50.R1a3 Rc7 51.Nc4 Rb5 52.Nxa5 Nxa5 53.Rxa5 Rbxc5
54.Rxc5 Rxc5 55.b4 Rc4 56.Kb3 Rc3+ 57.Ka4 Re3 58.b5 Ke7 59.Kb4 d3 60.Ra7+ 
Ke6 61.Kc3 Rf3 62.Ra6+ Kd5 63.Rf6 Ke4 64.e6 fxe6 65.Rxe6+ Kd5 66.Rf6 Ke4 
67.b6 Rf1 68.b7 Rb1 69.Rf7 Ke3 70.Rxh7 1-0